Tâm trạng người phụ nữ trong Chinh Phụ Ngâm và Cung Oán Ngâm Khúc

Những biểu hiện tâm trạng và nghệ thuật xây dựng tâm trạng người phụ nữ trong Chinh Phụ Ngâm và Cung Oán Ngâm Khúc

Đã lưu trong:
Sonraí Bibleagrafaíochta
Príomhúdar: Trần, Thị Hồng Hạnh
Údair Eile: Lương Ngọc Hà GVC.ThS (Hướng dẫn)
Formáid: Leabhar
Teanga:Vietnamese
Foilsithe: Đại học Đà Nẵng Trường Đại học Sư Phạm 2008
Sraith:Khóa luận tốt nghiệp Đại học. Chuyên ngành: Cử nhân văn học
Ábhair:
Clibeanna: Cuir Clib Leis
Gan Chlibeanna, Bí ar an gcéad duine leis an taifead seo a chlibeáil!
Thư viện lưu trữ: Mạng thư viện Đại học Đà Nẵng
LEADER 01249nam a2200325 4500
001 000011131
003 7362
005 20120202090226.0
008 120202s2008 viesd
041 |a vie 
072 |a Khóa luận tốt nghiệp 
082 |a 895.9221  |b TR-H 
100 |a Trần, Thị Hồng Hạnh 
245 |a Tâm trạng người phụ nữ trong Chinh Phụ Ngâm và Cung Oán Ngâm Khúc  |c Trần, Thị Hồng Hạnh 
260 |a Đại học Đà Nẵng  |b Trường Đại học Sư Phạm  |c 2008 
300 |a 64 tr.  |b Ảnh minh họa  |c 29 cm 
490 |a Khóa luận tốt nghiệp Đại học. Chuyên ngành: Cử nhân văn học 
500 |a Tham khảo trang 62 
520 |a Những biểu hiện tâm trạng và nghệ thuật xây dựng tâm trạng người phụ nữ trong Chinh Phụ Ngâm và Cung Oán Ngâm Khúc 
653 |a Khóa luận tốt nghiệp Đại học 
653 |a Khoa Ngữ văn 
700 |a Lương Ngọc Hà  |c GVC.ThS  |e Hướng dẫn 
OWN |a LSP 
999 |a From the UDN01 
TYP |a Monograph 
TYP |a Printed language 
980 |a Mạng thư viện Đại học Đà Nẵng